[Event "Weekend Accademia"]
[Site "Roma ITA"]
[Date "1996.??.??"]
[Round "4"]
[White "Marzano, Carlo"]
[Black "Failli, Riccardo"]
[Result "1/2-1/2"]
[WhiteElo "2160"]
[BlackElo "1684"]
[PlyCount "104"]
[EventDate "1996.??.??"]

1. d4 Nf6 2. Nf3 d5 3. Bg5 h6 4. Bh4 Nbd7 5. e3 e6 6. Nbd2 c5 7. c3 Qb6 8. Rb1
g5 9. Bg3 Bd6 10. Bd3 Nh5 11. Bxd6 Qxd6 12. Ne5 Ng7 13. Ndf3 f5 14. Nxd7 Bxd7
15. Ne5 Rf8 16. O-O O-O-O 17. Qe2 Kb8 18. Rfe1 g4 19. Rbd1 Rf6 20. Bb5 Be8 21.
Bxe8 Nxe8 22. Qb5 c4 23. Qa4 Qc7 24. b3 Nd6 25. bxc4 Nxc4 26. Nxc4 Qxc4 27.
Qxc4 dxc4 28. e4 Kc7 29. Rb1 Kc6 30. exf5 exf5 31. Re5 Rd5 32. Rxd5 Kxd5 33. f3
gxf3 34. gxf3 Ra6 35. Rxb7 Ra3 36. Rb5+ Ke6 37. Rc5 Rxc3 38. Kf2 f4 39. a4 Rc2+
40. Kg1 c3 41. a5 Rc1+ 42. Kg2 c2 43. Kh3 h5 44. Kh4 Ra1 45. Rxc2 Rxa5 46. Re2+
Kd6 47. Re8 Kd7 48. Rf8 Ra2 49. Kxh5 Rxh2+ 50. Kg4 a5 51. Ra8 Rd2 52. Rxa5 Rxd4
1/2-1/2

[Event "Weekend Accademia"]
[Site "Roma ITA"]
[Date "1996.??.??"]
[Round "4"]
[White "Mondello, Gabriele"]
[Black "Petruccioli, Antonio"]
[Result "1/2-1/2"]
[WhiteElo "1789"]
[BlackElo "2007"]
[PlyCount "74"]
[EventDate "1996.??.??"]

1. f4 d5 2. b3 Bg4 3. Bb2 e6 4. g3 Nf6 5. Bg2 Nbd7 6. Nf3 Bd6 7. d3 O-O 8. Nbd2
c5 9. O-O b5 10. Qe1 Rc8 11. e4 dxe4 12. Nxe4 Nxe4 13. dxe4 c4 14. Rc1 a5 15.
Bc3 b4 16. Bd4 Bxf3 17. Bxf3 e5 18. Be3 exf4 19. gxf4 Bc5 20. Kh1 Bxe3 21. Qxe3
Qh4 22. Rg1 cxb3 23. cxb3 Rxc1 24. Rxc1 Nf6 25. Rg1 Rc8 26. Be2 h5 27. e5 Rc3
28. Qd4 Ng4 29. Bxg4 hxg4 30. Rd1 Qh3 31. Qe4 g6 32. e6 Rc7 33. exf7+ Kxf7 34.
Qd5+ Kg7 35. Qe5+ Kh6 36. Qh8+ Rh7 37. Qf8+ Rg7 1/2-1/2

[Event "Weekend Accademia"]
[Site "Roma ITA"]
[Date "1996.??.??"]
[Round "4"]
[White "Morales, Alessandro"]
[Black "Scipioni, Gaetano"]
[Result "1-0"]
[WhiteElo "1540"]
[BlackElo "1525"]
[PlyCount "79"]
[EventDate "1996.??.??"]

1. Nf3 d6 2. d4 Nf6 3. Bg5 Nbd7 4. e3 g6 5. Nbd2 Bg7 6. Bd3 O-O 7. O-O c5 8. c3
a6 9. Re1 b5 10. e4 Re8 11. d5 Nb6 12. h3 Nfd7 13. b3 b4 14. cxb4 Bxa1 15. Qxa1
f6 16. Bh6 cxb4 17. Ng5 Ne5 18. Re3 Nf7 19. Nxf7 Kxf7 20. Nf3 Rg8 21. Nd4 Qc7
22. Nc6 a5 23. f4 Ke8 24. Bb5 Kf7 25. Qc1 Qb7 26. Bd3 Bd7 27. e5 Nxd5 28. e6+
Bxe6 29. Rxe6 Kxe6 30. f5+ Kd7 31. Nd4 Qb6 32. Bb5+ Kd8 33. Be3 Qxb5 34. Nxb5
Rc8 35. Qd2 Nxe3 36. Qxe3 Kd7 37. Qe6+ Kc6 38. Na7+ Kb7 39. Nxc8 Rxc8 40. Qxe7+
1-0

[Event "Weekend Accademia"]
[Site "Roma ITA"]
[Date "1996.??.??"]
[Round "4"]
[White "Moroni, Marco"]
[Black "Verrascina, Nicola"]
[Result "1-0"]
[WhiteElo "1842"]
[BlackElo "2090"]
[PlyCount "139"]
[EventDate "1996.??.??"]

1. e4 Nf6 2. Nc3 d5 3. exd5 Nxd5 4. Bc4 Nb6 5. Bb3 c5 6. d3 Nc6 7. Qh5 e6 8.
Nf3 g6 9. Qh3 Bg7 10. Bg5 f6 11. Bh6 e5 12. Qh4 Bxh6 13. Qxh6 Qe7 14. Nh4 Rf8
15. O-O-O Nd4 16. f4 a5 17. fxe5 fxe5 18. Nxg6 hxg6 19. Qxg6+ Kd7 20. Qxb6 Ra6
21. Ba4+ Nc6 22. Qb3 Qg5+ 23. Kb1 Kc7 24. Qd5 Qe7 25. Rde1 Be6 26. Nb5+ Kb8 27.
Qd6+ Qxd6 28. Nxd6 Rf2 29. Ne4 Rf4 30. Nxc5 Rb6 31. Bxc6 Rxc6 32. Nxe6 Rxe6 33.
Rhf1 Rg4 34. Rf2 Kc7 35. Rfe2 Kd6 36. h3 Rg3 37. b3 Kd5 38. Kb2 b5 39. h4 b4
40. h5 Rg5 41. Rh1 Rh6 42. a3 Rg4 43. axb4 axb4 44. g3 Rxg3 45. Re4 Rb6 46. h6
Rg8 47. h7 Rh8 48. Rh5 Re6 49. Rxb4 Re7 50. Re4 Kd6 51. b4 Rexh7 52. Rxh7 Rxh7
53. c4 Rh2+ 54. Kc3 Rh1 55. Re3 Rc1+ 56. Kb3 Rb1+ 57. Ka4 Ra1+ 58. Kb5 Ra8 59.
c5+ Kd5 60. Rh3 Rb8+ 61. Ka4 e4 62. Kb3 exd3 63. Rxd3+ Kc6 64. Kc4 Rg8 65. b5+
Kc7 66. b6+ Kc6 67. Rd6+ Kb7 68. Kb5 Rg1 69. c6+ Kc8 70. b7+ 1-0

[Event "Weekend Accademia"]
[Site "Roma ITA"]
[Date "1996.??.??"]
[Round "4"]
[White "Papetti, Francesco"]
[Black "Galdelli, Fabiano"]
[Result "1-0"]
[WhiteElo "1705"]
[BlackElo "1738"]
[PlyCount "67"]
[EventDate "1996.??.??"]

1. d4 Nf6 2. c4 e6 3. Nf3 b6 4. g3 Bb7 5. Bg2 Bb4+ 6. Nbd2 Ne4 7. O-O Nxd2 8.
Bxd2 Bxd2 9. Qxd2 d6 10. Rac1 Nd7 11. b4 c5 12. Rfd1 Nf6 13. dxc5 dxc5 14. Qg5
Qe7 15. bxc5 O-O 16. cxb6 axb6 17. Qb5 Rxa2 18. Qxb6 Ra6 19. Qb5 Rfa8 20. c5
Ra5 21. Qb2 Rc8 22. Qb6 Ra6 23. Qb5 Rac6 24. Ne5 R6c7 25. Bxb7 Rxb7 26. Qa6
Rbc7 27. c6 Nd5 28. e4 Nf6 29. Rd4 Rd8 30. Rcc4 Rxd4 31. Rxd4 h6 32. Qa8+ Ne8
33. Rd8 Kf8 34. Nd7+ 1-0

[Event "Weekend Accademia"]
[Site "Roma ITA"]
[Date "1996.??.??"]
[Round "4"]
[White "Pierangeli, Andrea"]
[Black "Raccah, Ascer"]
[Result "1-0"]
[WhiteElo "1750"]
[BlackElo "1528"]
[PlyCount "135"]
[EventDate "1996.??.??"]

1. e4 e5 2. Nf3 Nf6 3. Nc3 Bb4 4. d3 Nc6 5. a3 Bxc3+ 6. bxc3 d5 7. Bg5 dxe4 8.
Bxf6 Qxf6 9. dxe4 Bg4 10. Be2 Rd8 11. Qc1 O-O 12. O-O Qg6 13. Qe3 Bxf3 14. Bxf3
Rd6 15. Rfd1 Rfd8 16. h3 Qe6 17. Rxd6 Rxd6 18. Be2 b6 19. Bd3 Ne7 20. Kh2 Ng6
21. g3 h5 22. h4 Qe7 23. Qg5 Qf6 24. Kg2 Qxg5 25. hxg5 h4 26. Kf3 hxg3 27. fxg3
Ne7 28. a4 Rc6 29. a5 Rxc3 30. axb6 axb6 31. Ra8+ Kh7 32. Re8 Nc6 33. Ke3 Nb4
34. Rxe5 Rc6 35. Kd2 Rd6 36. Kc3 Nc6 37. Re8 g6 38. Rc8 Ne5 39. Rxc7 Rc6+ 40.
Rxc6 Nxc6 41. Be2 Kg7 42. Kc4 Kf8 43. c3 Ke7 44. Kb5 Kd6 45. Kxb6 Nd8 46. c4
Ne6 47. Bg4 Nxg5 48. c5+ Ke7 49. e5 Ne4 50. c6 Nc3 51. c7 Nd5+ 52. Kb7 Nxc7 53.
Kxc7 Kf8 54. Kd8 Kg7 55. Ke7 Kg8 56. e6 fxe6 57. Kf6 Kh7 58. Bxe6 Kh6 59. g4
Kh7 60. Kg5 Kh8 61. Bc4 Kg7 62. Bd3 Kh7 63. Bxg6+ Kg7 64. Kh5 Kf8 65. Kh6 Kg8
66. g5 Kh8 67. Bd3 Kg8 68. g6 1-0

[Event "Weekend Accademia"]
[Site "Roma ITA"]
[Date "1996.??.??"]
[Round "4"]
[White "Pieroni, Marco"]
[Black "Buffoni, Luca"]
[Result "1-0"]
[WhiteElo "1705"]
[BlackElo "1708"]
[PlyCount "81"]
[EventDate "1996.??.??"]

1. d4 d5 2. c4 e6 3. Nc3 Nf6 4. Bg5 Nbd7 5. Nf3 c6 6. e3 Qa5 7. Nd2 dxc4 8.
Bxf6 Nxf6 9. Nxc4 Qd8 10. Be2 Be7 11. O-O O-O 12. Re1 Bd7 13. Bf3 Rc8 14. e4 b5
15. Ne3 c5 16. e5 Ne8 17. a3 cxd4 18. Qxd4 Bc5 19. Qd3 Qc7 20. Nxb5 Bxb5 21.
Qxb5 Qxe5 22. b4 Nd6 23. Qd3 Bxe3 24. Qxe3 Qxe3 25. Rxe3 g6 26. Rd3 Nc4 27. Rd7
a5 28. b5 Ne5 29. Ra7 Nxf3+ 30. gxf3 Ra8 31. Rxa8 Rxa8 32. Rc1 a4 33. Rc6 Rb8
34. b6 Rb7 35. Kf1 Kg7 36. Ke2 Kf6 37. Kd3 Ke5 38. Kc4 Rb8 39. Kc5 f5 40. Rc7
h6 41. b7 1-0

[Event "Weekend Accademia"]
[Site "Roma ITA"]
[Date "1996.??.??"]
[Round "4"]
[White "Quaglia, Ferdinando"]
[Black "Piancatelli, Marco"]
[Result "0-1"]
[WhiteElo "1541"]
[BlackElo "1870"]
[PlyCount "88"]
[EventDate "1996.??.??"]

1. d4 Nf6 2. c4 g6 3. Nc3 d5 4. e3 Bg7 5. cxd5 Nxd5 6. Nxd5 Qxd5 7. Bd2 O-O 8.
Qf3 Qxf3 9. Nxf3 Bf5 10. Bc3 Nd7 11. Be2 Rfd8 12. O-O c5 13. dxc5 Bxc3 14. bxc3
Nxc5 15. Rfd1 Ne4 16. Rxd8+ Rxd8 17. Rc1 Rc8 18. c4 b6 19. Bd3 Nd6 20. Bxf5
gxf5 21. Nd2 Rc5 22. Kf1 b5 23. Ke2 bxc4 24. f3 Kg7 25. e4 fxe4 26. Nxe4 Nxe4
27. fxe4 Kf6 28. Ke3 e5 29. Rc3 Ke6 30. Kd2 f5 31. exf5+ Kxf5 32. Rh3 Ra5 33.
a3 Ke4 34. Rg3 Rd5+ 35. Kc2 Rd3 36. Rg4+ Kd5 37. Kb2 Rb3+ 38. Ka2 Rb7 39. Rg3
Kd4 40. Rf3 c3 41. Rf2 e4 42. g4 Kd3 43. Rg2 c2 44. Rg1 e3 0-1

[Event "Weekend Accademia"]
[Site "Roma ITA"]
[Date "1996.??.??"]
[Round "4"]
[White "Ragonese, Lucio Rosario"]
[Black "Simeone, Giulio"]
[Result "1-0"]
[WhiteElo "1902"]
[BlackElo "1654"]
[PlyCount "67"]
[EventDate "1996.??.??"]

1. d4 d6 2. Nf3 Nf6 3. Bg5 h6 4. Bh4 Bg4 5. e3 Nbd7 6. c4 e5 7. Be2 Be7 8. Nc3
c6 9. Qc2 Qc7 10. O-O g5 11. Bg3 Nh5 12. dxe5 Nxg3 13. hxg3 dxe5 14. Rfd1 O-O-O
15. Bd3 h5 16. Bf5 Kb8 17. Bxg4 hxg4 18. Ne1 Rh5 19. Qf5 Rdh8 20. Kf1 Nf6 21.
Nd3 Rh1+ 22. Ke2 R1h2 23. Rg1 Nd7 24. Qxf7 Nb6 25. Qe6 Rf8 26. Ne4 Ka8 27. Nxe5
Rd8 28. Nxg4 Rhh8 29. Rgd1 Na4 30. Ne5 Nxb2 31. Nf7 Rxd1 32. Rxd1 Rf8 33. Rd7
Qa5 34. Rxe7 1-0

[Event "Weekend Accademia"]
[Site "Roma ITA"]
[Date "1996.??.??"]
[Round "4"]
[White "Righetti, Gianfranco"]
[Black "Anella, Sandro"]
[Result "0-1"]
[WhiteElo "1594"]
[BlackElo "1645"]
[PlyCount "54"]
[EventDate "1996.??.??"]

1. e4 e6 2. d4 d5 3. Nd2 Nf6 4. e5 Nfd7 5. Bd3 c5 6. c3 Nc6 7. Ne2 cxd4 8. cxd4
f6 9. exf6 Nxf6 10. O-O Bd6 11. Nf3 O-O 12. Bf4 Bxf4 13. Nxf4 Ne4 14. Ne2 Bd7
15. Bxe4 dxe4 16. Ne5 Nxe5 17. dxe5 Bc6 18. Nc3 Qg5 19. Qd6 Kh8 20. Qxe6 Rae8
21. Qh3 Rf3 22. g3 e3 23. Rae1 Ref8 24. Re2 Qxe5 25. Qh4 exf2+ 26. Rfxf2 Rxf2
27. Rxf2 Qe1+ 0-1

[Event "Weekend Accademia"]
[Site "Roma ITA"]
[Date "1996.??.??"]
[Round "4"]
[White "Rossi De Gasperis, Pietro"]
[Black "Sciannamea, Valerio"]
[Result "1-0"]
[WhiteElo "1833"]
[BlackElo "1719"]
[PlyCount "77"]
[EventDate "1996.??.??"]

1. e4 d6 2. d4 Nf6 3. Nc3 g6 4. f3 Bg7 5. Be3 c6 6. Qd2 b5 7. O-O-O Nbd7 8. g4
Qa5 9. Kb1 Nb6 10. Bd3 Nc4 11. Bxc4 bxc4 12. Bh6 Bxh6 13. Qxh6 g5 14. Nge2 Rg8
15. e5 Rg6 16. Qh3 dxe5 17. dxe5 Qxe5 18. Rhe1 Qc5 19. Qg3 Kf8 20. Rd8+ Kg7 21.
Qc7 Qf2 22. Red1 Nd5 23. Nxd5 cxd5 24. Qxe7 Be6 25. Rxa8 Qxe2 26. Qf8+ Kf6 27.
Qh8+ Rg7 28. Rc1 Kg6 29. Rxa7 d4 30. Qa8 Qf2 31. Qe4+ Kh6 32. Ra6 Rg6 33. Rd6
d3 34. cxd3 c3 35. Rxc3 Qxh2 36. Rdc6 Qd2 37. d4 Kg7 38. R6c5 h6 39. d5 1-0

[Event "Weekend Accademia"]
[Site "Roma ITA"]
[Date "1996.??.??"]
[Round "4"]
[White "Sabatini, Mario"]
[Black "Primiceri, Nunzio"]
[Result "0-1"]
[WhiteElo "2085"]
[BlackElo "2150"]
[PlyCount "134"]
[EventDate "1996.??.??"]

1. d4 Nf6 2. Nf3 g6 3. c4 Bg7 4. Nc3 d6 5. e4 O-O 6. Be2 c5 7. d5 b5 8. cxb5 a6
9. O-O axb5 10. Bxb5 Ba6 11. Bxa6 Nxa6 12. Rb1 Qb6 13. Qe2 Nc7 14. Bf4 Rfb8 15.
Nd2 Nb5 16. Nxb5 Qxb5 17. Qxb5 Rxb5 18. a3 Ra4 19. Bg5 h6 20. b3 Rxa3 21. Bh4
g5 22. Bg3 Nh5 23. Rfc1 Nxg3 24. hxg3 Ra2 25. Nf3 Rb2 26. Rxb2 Bxb2 27. Rc2
Rxb3 28. Nd2 Rb4 29. Nc4 Bd4 30. Kf1 Kg7 31. g4 Kg6 32. g3 h5 33. gxh5+ Kxh5
34. Kg2 g4 35. Rc1 Kg5 36. Rc2 f5 37. exf5 Kxf5 38. f3 gxf3+ 39. Kxf3 Rb3+ 40.
Kg2 Kg4 41. Re2 Rxg3+ 42. Kh2 Rc3 43. Na5 Re3 44. Rg2+ Kf5 45. Nc6 Bf6 46. Kg1
Bg5 47. Kf2 Rd3 48. Ke1 Bh4+ 49. Ke2 Rxd5 50. Rh2 Kg4 51. Rg2+ Bg3 52. Ke3 Rd1
53. Ke2 Re1+ 54. Kd2 Re4 55. Kd3 d5 56. Rg1 Kf3 57. Rh1 c4+ 58. Kc3 Ke2 59.
Nd4+ Kf2 60. Nf5 Be5+ 61. Kc2 d4 62. Nxe7 d3+ 63. Kd1 c3 64. Nd5 Re2 65. Nb4
c2+ 66. Kc1 Bf4+ 67. Kb2 c1=Q+ 0-1

[Event "Weekend Accademia"]
[Site "Roma ITA"]
[Date "1996.??.??"]
[Round "4"]
[White "Sarrecchia, Maurizio"]
[Black "Melega, Gianluigi"]
[Result "1-0"]
[WhiteElo "1576"]
[BlackElo "1513"]
[PlyCount "125"]
[EventDate "1996.??.??"]

1. c4 f5 2. g3 Nf6 3. Nc3 e5 4. Bg2 c6 5. d3 Be7 6. Nf3 d6 7. O-O O-O 8. b4 Qe8
9. b5 Bd7 10. a4 Nh5 11. bxc6 Bxc6 12. Nb5 Qd7 13. Rb1 Na6 14. Ba3 Nc5 15. Bxc5
a6 16. Nc3 dxc5 17. Nxe5 Qd4 18. Nxc6 bxc6 19. Qd2 f4 20. g4 Nf6 21. h3 h5 22.
gxh5 Nxh5 23. Bxc6 Rad8 24. Bd5+ Kh8 25. Ne4 Ng3 26. Rfd1 Rf5 27. e3 fxe3 28.
Qxe3 Qxe3 29. fxe3 Bh4 30. Nxg3 Bxg3 31. Rf1 Rg5 32. Kh1 Rh5 33. Rf3 Be5 34.
Rb6 g5 35. Kg2 Rh4 36. Rb7 g4 37. hxg4 Rxg4+ 38. Kf2 Rh4 39. Rff7 Rh2+ 40. Kf1
Rh6 41. Be4 Rf6+ 42. Rxf6 Bxf6 43. Rb6 Rf8 44. Ke2 Bc3 45. Rxa6 Rb8 46. Ra8
Rxa8 47. Bxa8 Kg7 48. Kf3 Kf6 49. Ke4 Ke6 50. d4 Kd6 51. Kd3 cxd4 52. exd4 Ba5
53. Ke4 Bd8 54. c5+ Kc7 55. Ke5 Kb8 56. Bc6 Ka7 57. Bb5 Be7 58. Ke6 Bf8 59. Kf7
Bh6 60. d5 Be3 61. c6 Bf4 62. Ke7 Kb6 63. d6 1-0

[Event "Weekend Accademia"]
[Site "Roma ITA"]
[Date "1996.??.??"]
[Round "4"]
[White "Scacco, Mauro"]
[Black "Ciotoli, Patrizio"]
[Result "1/2-1/2"]
[WhiteElo "2055"]
[BlackElo "2010"]
[PlyCount "98"]
[EventDate "1996.??.??"]

1. e4 d5 2. exd5 Qxd5 3. Nc3 Qa5 4. d4 Nf6 5. Nf3 Bg4 6. h3 Bh5 7. Bc4 e6 8.
Bd2 c6 9. g4 Bg6 10. d5 Qc5 11. Qe2 cxd5 12. Bb5+ Nbd7 13. g5 Ne4 14. Ne5 O-O-O
15. Nxd7 Rxd7 16. Bxd7+ Kxd7 17. Nxe4 Bxe4 18. Be3 Qa5+ 19. Bd2 Qb6 20. O-O Be7
21. Be3 Qc6 22. Rfd1 Rc8 23. Rac1 Qc4 24. Qxc4 Rxc4 25. Rd2 Bf5 26. Kg2 b5 27.
f4 Bd6 28. Kg3 Re4 29. Kf3 Ra4 30. Bd4 Bxh3 31. b3 Ra6 32. Bxg7 Rc6 33. c4 Bf5
34. Be5 Ba3 35. Bb2 Bxb2 36. Rxb2 d4 37. Rd1 d3 38. cxb5 Rc5 39. Rbd2 Rxb5 40.
Rxd3+ Bxd3 41. Rxd3+ Ke7 42. Rc3 Kd7 43. Ke4 a5 44. Rh3 Rb4+ 45. Ke5 Rb5+ 46.
Ke4 Rb4+ 47. Ke5 a4 48. bxa4 Rxa4 49. Rxh7 Ke8 1/2-1/2

[Event "Weekend Accademia"]
[Site "Roma ITA"]
[Date "1996.??.??"]
[Round "4"]
[White "Simeoni, Matteo"]
[Black "Tommasini, Enzo"]
[Result "0-1"]
[WhiteElo "1794"]
[BlackElo "2075"]
[PlyCount "76"]
[EventDate "1996.??.??"]

1. e4 e6 2. d4 d5 3. Nc3 Nf6 4. Bd3 c5 5. Bg5 cxd4 6. Bb5+ Bd7 7. Qxd4 Bxb5 8.
Nxb5 Qa5+ 9. Nc3 Nxe4 10. Bh4 Nc6 11. Qa4 Bb4 12. Qxa5 Nxa5 13. Nge2 Rc8 14.
O-O Nxc3 15. bxc3 Bxc3 16. Rad1 Rc4 17. f4 Bf6 18. Bxf6 gxf6 19. f5 Ke7 20. Ng3
h5 21. fxe6 fxe6 22. Rfe1 Kf7 23. Ne2 Nc6 24. c3 Re4 25. Kf2 Ne5 26. h3 Ra4 27.
Rd2 Nc4 28. Rc2 Nd6 29. Rd1 Rc8 30. Rd3 Rac4 31. Rf3 Ne4+ 32. Ke1 b5 33. Rb2 a6
34. g4 hxg4 35. hxg4 Rg8 36. Nd4 Rxg4 37. a4 Rg1+ 38. Ke2 Rg2+ 0-1

[Event "Weekend Accademia"]
[Site "Roma ITA"]
[Date "1996.??.??"]
[Round "4"]
[White "Togni, Giampiero"]
[Black "Sebasti, Alessandro"]
[Result "1-0"]
[WhiteElo "1710"]
[BlackElo "1564"]
[PlyCount "101"]
[EventDate "1996.??.??"]

1. Nf3 e6 2. c4 c5 3. Nc3 Nf6 4. g3 Nc6 5. Bg2 Be7 6. O-O a6 7. d4 cxd4 8. Nxd4
O-O 9. e4 d6 10. Nxc6 bxc6 11. e5 dxe5 12. Qxd8 Rxd8 13. Bxc6 Ra7 14. b3 Rc7
15. Bg2 Rcd7 16. Be3 Rd3 17. Ne4 Nxe4 18. Bxe4 Rc3 19. Bb6 Rd6 20. Ba5 Rcd3 21.
Bxd3 Rxd3 22. Rfd1 e4 23. Rxd3 exd3 24. Rd1 f6 25. Rxd3 Kf7 26. Bd8 e5 27. Bxe7
Kxe7 28. c5 f5 29. Rd6 g6 30. h4 a5 31. a3 Be6 32. b4 axb4 33. axb4 Bc4 34. h5
Be6 35. hxg6 hxg6 36. b5 g5 37. b6 Bc8 38. Rc6 Ba6 39. b7 Bxb7 40. Rc7+ Kd8 41.
Rxb7 Kc8 42. Rg7 g4 43. Kf1 e4 44. Ke2 Kd8 45. Ke3 Ke8 46. Kf4 Kf8 47. Rd7 Ke8
48. Rd5 Ke7 49. c6 Ke6 50. Rd2 e3 51. fxe3 1-0

[Event "Weekend Accademia"]
[Site "Roma ITA"]
[Date "1996.??.??"]
[Round "4"]
[White "Tosoni, Augusto"]
[Black "Barro, Carlo"]
[Result "1-0"]
[WhiteElo "2008"]
[BlackElo "1771"]
[PlyCount "46"]
[EventDate "1996.??.??"]

1. e4 c5 2. Nf3 d6 3. d4 cxd4 4. Nxd4 Nf6 5. Nc3 a6 6. Bg5 e6 7. f4 Be7 8. Qf3
Qa5 9. Nb3 Qc7 10. O-O-O Nbd7 11. Bd3 b5 12. Rhe1 Bb7 13. Qg3 b4 14. Nd5 exd5
15. e5 Ne4 16. Bxe4 dxe4 17. Bxe7 Rc8 18. Re2 d5 19. Bd6 Qc4 20. Qxg7 Rf8 21.
Rde1 a5 22. e6 Qc6 23. exd7+ Kxd7 1-0

[Event "Weekend Accademia"]
[Site "Roma ITA"]
[Date "1996.??.??"]
[Round "4"]
[White "Vannelli, Vittorio"]
[Black "Almonti, Alessandro"]
[Result "0-1"]
[WhiteElo "1633"]
[BlackElo "1768"]
[PlyCount "128"]
[EventDate "1996.??.??"]

1. d4 Nf6 2. c4 c5 3. d5 b5 4. cxb5 a6 5. bxa6 Bxa6 6. Nc3 d6 7. Nf3 g6 8. g3
Bg7 9. Bg2 O-O 10. O-O Nbd7 11. h3 Rb8 12. Re1 Qa5 13. Qc2 Nb6 14. e4 Nfd7 15.
Nd2 c4 16. Nf3 Nc5 17. Bd2 Nd3 18. Reb1 Nd7 19. Ne2 Qb6 20. Be3 N7c5 21. Rf1
Qxb2 22. Qxb2 Rxb2 23. Nfd4 Rfb8 24. f4 R8b4 25. Bf3 Ra4 26. Rab1 Raxa2 27. Nc3
Rxb1 28. Rxb1 Rb2 29. Rxb2 Nxb2 30. e5 Nba4 31. Nxa4 Nxa4 32. Nc6 Kf8 33. Bd4
Ke8 34. Nxe7 dxe5 35. d6 Bb5 36. fxe5 h5 37. Bd1 Bh6 38. Bxa4 Bxa4 39. Nd5 Bd2
40. Kf2 Bc6 41. Nc3 Kd7 42. Ke2 Bh6 43. Nd1 Ke6 44. Nb2 Kd5 45. Bc3 Bd7 46. h4
Bc6 47. Kf2 Bb5 48. Kf3 Bd7 49. Kf2 Bc1 50. Nd1 Bb5 51. Ne3+ Ke6 52. d7 Kxd7
53. Nd5 Ba3 54. Ke3 Bc5+ 55. Kf4 Bc6 56. Nf6+ Ke6 57. g4 hxg4 58. Kxg4 Be3 59.
h5 gxh5+ 60. Kxh5 Bf3+ 61. Kh4 Bf4 62. Ne8 Bxe5 63. Bxe5 Kxe5 64. Nc7 c3 0-1

[Event "Weekend Accademia"]
[Site "Roma ITA"]
[Date "1996.??.??"]
[Round "5"]
[White "Abuhamdieh, Arafat"]
[Black "Marzano, Carlo"]
[Result "0-1"]
[WhiteElo "1528"]
[BlackElo "2160"]
[PlyCount "58"]
[EventDate "1996.??.??"]

1. e4 e6 2. d4 d5 3. Nc3 Nf6 4. e5 Nfd7 5. a3 c5 6. Bb5 cxd4 7. Qxd4 Nc6 8.
Bxc6 bxc6 9. Nf3 Ba6 10. Qa4 Qb6 11. b4 Bc4 12. Be3 Qc7 13. Bd4 a5 14. Nd1 Ra6
15. c3 axb4 16. Qc2 bxa3 17. Ne3 c5 18. Nxc4 cxd4 19. Nd6+ Bxd6 20. exd6 Qxc3+
21. Qxc3 dxc3 22. Nd4 Nc5 23. O-O Kd7 24. Rfc1 Rb8 25. Rxc3 a2 26. Rcc1 e5 27.
Nf5 g6 28. Ne3 Nb3 29. Rc7+ Kxd6 0-1

[Event "Weekend Accademia"]
[Site "Roma ITA"]
[Date "1996.??.??"]
[Round "5"]
[White "Almonti, Alessandro"]
[Black "Pierangeli, Andrea"]
[Result "1/2-1/2"]
[WhiteElo "1768"]
[BlackElo "1750"]
[PlyCount "114"]
[EventDate "1996.??.??"]

1. Nf3 Nf6 2. g3 b6 3. Bg2 Bb7 4. O-O d5 5. b3 Nbd7 6. Bb2 c5 7. d3 Qc7 8. Nbd2
Rd8 9. e3 e5 10. Qe2 Bd6 11. Rae1 O-O 12. e4 Rfe8 13. a4 c4 14. dxc4 dxe4 15.
Ng5 Bb4 16. c3 e3 17. cxb4 Bxg2 18. Kxg2 exd2 19. Qxd2 Nc5 20. Qc2 Nd3 21. Re3
Nxb4 22. Qc3 Nc6 23. Rfe1 Ng4 24. Rd3 Qe7 25. Nh3 f6 26. Rxd8 Nxd8 27. Qf3 Qb7
28. Qxb7 Nxb7 29. f3 Nh6 30. Rd1 Nf7 31. Nf2 Rd8 32. Rxd8+ Nfxd8 33. Ne4 Na5
34. Nd2 Ne6 35. b4 Nc6 36. Bc3 a5 37. bxa5 Nxa5 38. Bxa5 bxa5 39. Nb3 Kf7 40.
Kf2 Ke8 41. Ke3 Kd7 42. h4 Kc7 43. Ke4 Kc6 44. Nxa5+ Kc5 45. Nb7+ Kxc4 46. f4
exf4 47. gxf4 Kb4 48. f5 Nc7 49. a5 Kb5 50. Kd4 Ka6 51. Nc5+ Kxa5 52. Ne6 Ne8
53. Kc5 g6 54. Kc6 gxf5 55. Kd7 f4 56. Nxf4 Ng7 57. Nd5 Nf5 1/2-1/2

[Event "Weekend Accademia"]
[Site "Roma ITA"]
[Date "1996.??.??"]
[Round "5"]
[White "Barro, Carlo"]
[Black "Berrino, Umberto"]
[Result "1-0"]
[WhiteElo "1771"]
[BlackElo "1672"]
[PlyCount "63"]
[EventDate "1996.??.??"]

1. d4 d5 2. c4 e6 3. a3 Nf6 4. Nc3 Nbd7 5. Nf3 Be7 6. Bf4 a6 7. c5 c6 8. e3 O-O
9. Bd3 Re8 10. Qc2 Nf8 11. h3 Ng6 12. Bxg6 hxg6 13. g4 Nd7 14. b4 Bf6 15. Bg3
e5 16. O-O e4 17. Nh2 Bh4 18. a4 Bxg3 19. fxg3 Qc7 20. Qf2 Nf8 21. b5 Be6 22.
b6 Qe7 23. Ra2 Nh7 24. Ne2 g5 25. Nc3 Nf6 26. Qe1 g6 27. Raf2 Nd7 28. Ne2 Kg7
29. Kg2 Rf8 30. h4 gxh4 31. gxh4 Qxh4 32. Rxf7+ 1-0

[Event "Weekend Accademia"]
[Site "Roma ITA"]
[Date "1996.??.??"]
[Round "5"]
[White "Buffoni, Luca"]
[Black "Alimonti, Daniele"]
[Result "1-0"]
[WhiteElo "1708"]
[BlackElo "1516"]
[PlyCount "91"]
[EventDate "1996.??.??"]

1. e4 e5 2. Nf3 Nc6 3. Bb5 a6 4. Bxc6 dxc6 5. d4 exd4 6. Qxd4 Qxd4 7. Nxd4 Nf6
8. f3 Bc5 9. Be3 O-O 10. Nd2 Re8 11. N2b3 Bd6 12. O-O-O c5 13. Ne2 b6 14. Bf4
Bxf4+ 15. Nxf4 Bb7 16. Rhe1 Rad8 17. Ne2 Bc6 18. Rxd8 Rxd8 19. Rd1 Rxd1+ 20.
Kxd1 Kf8 21. Nd2 Ke7 22. Nc4 Nd7 23. Nc3 Ke6 24. Ne3 Nf6 25. g4 h6 26. Nf5 Ne8
27. Ne2 f6 28. Nf4+ Kf7 29. Kd2 Nd6 30. Ne3 b5 31. Nfd5 Bxd5 32. Nxd5 c6 33.
Ne3 Ke6 34. Nf5 Nxf5 35. gxf5+ Kd6 36. Ke3 c4 37. c3 c5 38. a3 a5 39. f4 Kc6
40. Kf3 Kd6 41. Kg4 b4 42. Kh5 Ke7 43. Kg6 Kf8 44. h4 Kg8 45. h5 Kf8 46. e5 1-0

[Event "Weekend Accademia"]
[Site "Roma ITA"]
[Date "1996.??.??"]
[Round "5"]
[White "Capezza, Marco"]
[Black "Sabatini, Mario"]
[Result "0-1"]
[WhiteElo "1762"]
[BlackElo "2085"]
[PlyCount "108"]
[EventDate "1996.??.??"]

1. d4 Nf6 2. c4 e6 3. Nc3 Bb4 4. Qc2 O-O 5. Bg5 c5 6. e3 d6 7. a3 Ba5 8. Nf3
Nbd7 9. Bd3 h6 10. Bxf6 Qxf6 11. O-O Bxc3 12. Qxc3 b6 13. Nd2 Bb7 14. Be4 d5
15. cxd5 exd5 16. Bf3 Rac8 17. Rac1 Qe6 18. Qd3 c4 19. Qb1 b5 20. e4 Qb6 21.
Rfd1 Nf6 22. e5 Nd7 23. Nf1 Rfd8 24. Ne3 Nf8 25. Nf5 Ne6 26. Ne7+ Kf8 27. Nxc8
Bxc8 28. Qh7 Nxd4 29. Qh8+ Ke7 30. Qxg7 Nxf3+ 31. gxf3 Be6 32. Rd2 d4 33. Rcd1
d3 34. Qxh6 Rg8+ 35. Kh1 Bd5 36. Qf4 Qb7 37. Qf6+ Ke8 38. Rxd3 cxd3 39. Rxd3
Qc6 40. Qxc6+ Bxc6 41. h3 Rg5 42. Re3 Ke7 43. Rc3 Kd7 44. Re3 Ke6 45. Kh2 a5
46. Rc3 Bd5 47. b4 axb4 48. axb4 Rxe5 49. f4 Re4 50. Re3 Kf5 51. Kg3 f6 52. Rd3
Be6 53. h4 Rxb4 54. Rc3 Rb3 0-1

[Event "Weekend Accademia"]
[Site "Roma ITA"]
[Date "1996.??.??"]
[Round "5"]
[White "Ciotoli, Patrizio"]
[Black "Perretta, Maurizio"]
[Result "0-1"]
[WhiteElo "2010"]
[BlackElo "2007"]
[PlyCount "84"]
[EventDate "1996.??.??"]

1. e4 e5 2. Nc3 Nf6 3. Bc4 Nc6 4. d3 Bc5 5. Nf3 d6 6. h3 Be6 7. Bg5 Nd4 8. Bxe6
Nxe6 9. Bh4 Nf4 10. O-O Qd7 11. Nd5 N6xd5 12. exd5 O-O 13. c4 Qf5 14. Ne1 g5
15. Bg3 Kh8 16. Qg4 Qf6 17. Bxf4 gxf4 18. Qf3 Rg8 19. Kh2 Rg5 20. Rb1 Bb4 21.
Nc2 Bc5 22. b4 Bb6 23. a4 a5 24. c5 dxc5 25. bxc5 Bxc5 26. Rxb7 Rag8 27. Rg1
Qg6 28. Rxc7 Bd6 29. Rc6 f5 30. Ne1 e4 31. dxe4 fxe4 32. Qc3+ Be5 33. Rxg6 Bxc3
34. Rxg8+ Kxg8 35. f3 e3 36. Nd3 Rxd5 37. Nxf4 Be5 38. g3 Rd2+ 39. Rg2 Bxf4 40.
gxf4+ Kf7 41. Kg3 e2 42. Kf2 e1=Q+ 0-1

[Event "Weekend Accademia"]
[Site "Roma ITA"]
[Date "1996.??.??"]
[Round "5"]
[White "Crucioli, Marco"]
[Black "Ragonese, Lucio Rosario"]
[Result "0-1"]
[WhiteElo "1630"]
[BlackElo "1902"]
[PlyCount "54"]
[EventDate "1996.??.??"]

1. e4 c6 2. f4 d5 3. e5 h5 4. Nf3 Nh6 5. Be2 g6 6. O-O c5 7. d3 Nc6 8. c3 e6 9.
Be3 Ng4 10. Bc1 Qb6 11. Kh1 Bd7 12. h3 Be7 13. Na3 O-O-O 14. Nc2 Rdg8 15. Nh2
Nh6 16. Rf3 Nf5 17. Nf1 g5 18. b3 g4 19. Rf2 Bh4 20. g3 Nxg3+ 21. Nxg3 Bxg3 22.
Rf1 Qd8 23. Kg2 Qh4 24. Rh1 gxh3+ 25. Kf1 Bf2 26. Bf3 h2 27. Bg2 Rxg2 0-1